LEADER 01833oam 2200613zu 450 001 9910131915003321 005 20241115231456.0 010 $a2-84133-447-3 010 $a2-8218-1724-X 024 7 $a10.4000/books.puc.1248 035 $a(CKB)3460000000122169 035 $a(SSID)ssj0001542102 035 $a(PQKBManifestationID)12012912 035 $a(PQKBTitleCode)TC0001542102 035 $a(PQKBWorkID)11535813 035 $a(PQKB)11201086 035 $a(WaSeSS)IndRDA00045773 035 $a(FrMaCLE)OB-puc-1248 035 $a(oapen)https://directory.doabooks.org/handle/20.500.12854/60202 035 $a(PPN)182829235 035 $a(oapen)doab60202 035 $a(EXLCZ)993460000000122169 100 $a20160829d1988 uy 101 0 $aeng 135 $aur||||||||||| 181 $ctxt 182 $cc 183 $acr 200 00$aStudies on Sean O'Casey 210 $cPresses universitaires de Caen$d1988 210 31$a[Place of publication not identified]$cPresses universitaires de Caen$d1988 215 $a1 online resource (106 pages) 225 0 $aLitte?rature et civilisation irlandaises 300 $aBibliographic Level Mode of Issuance: Monograph 311 08$a2-905461-27-6 606 $aEnglish$2HILCC 606 $aLanguages & Literatures$2HILCC 606 $aEnglish Literature$2HILCC 610 $alittérature irlandaise 610 $aDublin 610 $asocialisme 610 $athéâtre 610 $alittérature de langue anglaise 610 $aIrlande 615 7$aEnglish 615 7$aLanguages & Literatures 615 7$aEnglish Literature 702 $aHellegouarc'h$b Wynne 702 $aGenet$b Jacqueline 801 0$bPQKB 906 $aBOOK 912 $a9910131915003321 996 $aStudies on Sean O'Casey$94291272 997 $aUNINA LEADER 01113nam0-22003011i-450 001 990005411550403321 005 20251215114134.0 035 $a000541155 035 $aFED01000541155 035 $a(Aleph)000541155FED01 100 $a19990530d1949----km-y0itay50------ba 101 0 $afre 102 $aBE 105 $ay-------001yy 200 1 $aAsklèpios Apollon Smintheus et Rudra$eÉtudes sur le dieu a la taure et le dieu au rat dans la Grèce et dans l'Inde$fpar Henri Grègoire$gavec la collaboration de R. Goossens et de M. Mathieu 210 $aBruxelles$cPalais des Acadèmies$d1949 215 $a200 p.$d26 cm 225 1 $aAcadèmie Royale de Belgique. Classe des Lettres et des Sciences Morales et Poetiques. Mémoires. Collection in 8. Deuxième Série$v45 700 1$aGrégoire,$bHenri$f<1881-1964>$0393983 702 1$aGoossens,$bR. 702 1$aMathieu,$bM. 801 0$aIT$bUNINA$gRICA$2UNIMARC 901 $aBK 912 $a990005411550403321 952 $aARCH. M 157 8$bARCH. 8842$fFLFBC 959 $aFLFBC 996 $aAsklepios Apollon Smintheus et Rudra$9283653 997 $aUNINA